000 00443nam a22001697a 4500
005 20230526102631.0
008 230526b |||||||| |||| 00| 0 eng d
020 _a9780619217587
082 _a621.391
_bAND-C
100 _aAndrews,Jeans
245 _aComptia A+ Guide to Managing and Maintaing your PC
250 _a6th
260 _aUSA
_bThomson
_c2007
300 _a1347
650 _aComputer Technician/Computer Science
999 _c18532
_d18532